LEADER 01158nam a2200277 u 4500 001 000000090976 003 CaOOAMICUS 005 20070226124800.0 008 050929s2002 enk u000 u eng u 020 $a0521890551 035 $a11074437 040 $aPUL$bita 100 1 $aHaim Hacohen, Malachi.$0(OLS)http://pul/name/58794 245 10$aKarl Popper :$bThe formative years 1902-1945 /$cMalachi Haim Hacohen. 260 $aCambridge :$bCambridge Univerity Press,$cc2002. 300 $axiii, 610 p. ;$c23 cm 500 $aIndice p.591-610. 504 $aBibiografia p. 552-589. 600 14$aPopper, Karl Raimund,$cSir,$d1902-1994.$0(OLS)http://pul/subject/7920 700 1 $aHaim Hacohen, Malachi.$0(OLS)http://pul/name/58794 850 $aPUL 852 $aPUL$W1$xSL Filosofia 3$y81$m190 HACMA 1$j114699$nBK-PRI$b $qDDC 21$B114699$CPULBib$Z2$F114699 $HPUL99305 $81 941 1 $a9 996 $6020$a0521890551$9(OLS)http://pul/number/119246 996 $6245$aKarl Popper :$bThe formative years 1902-1945$9(OLS)http://pul/title/117475 996 $6260$aCambridge :$bCambridge Univerity Press$9(OLS)http://pul/publisher/78657 LEADER 01232nam a2200301 a 4500 001 000000167599 003 CaOOAMICUS 005 20180508140048.0 008 180508s1991 it fa u000 u ita r 020 $a88-7166-059-5* 032 $aLibriCat 040 $aPUL$bita 100 1 $aFlanagan, Sabina.$0(OLS)http://pul/name/107994 245 10$aIldegarda di Bingen : $bvita di una profetessa / $cSabina Flanagan. 260 $aFirenze :$bLe Lettere,$cİ1991. 300 $a239 p., [4] c. tav. :$bill. ; $c24 cm. 490 1 $aLe vie della storia 600 04$aHildegardis,$cs.,$d1098-1179.$0(OLS)http://pul/subject/26498 830 3$aLe vie della storia.$0(OLS)http://pul/title/48261 850 $aPUL 852 $aPUL$W1$xDP1 Fondo Dalla Palma$y117$m3 D 8$j166243$qFondi$B195241$CPULBib$Z2$F195241 $HDal2442 $81 941 1 $a1 960 $aHildegard von Bingen,$cs.,$d1098-1179$926498 960 $aIldegarda,$cs.,$d1098-1179$926498 996 $6020$a88-7166-059-5*$9(OLS)http://pul/number/163990 996 $6245$aIldegarda di Bingen : $bvita di una profetessa / $9(OLS)http://pul/title/207689 996 $6260$aFirenze :$bLe Lettere$9(OLS)http://pul/publisher/60356